|
|
|
|
| LEADER |
01249nam a2200325 a 4500 |
| 001 |
28032 |
| 003 |
BD-DhAAL |
| 005 |
20150211164147.0 |
| 008 |
140612s2005 nju b 001 0 eng |
| 010 |
|
|
|a 2004023636
|
| 020 |
|
|
|a 0805841806 (acidfree paper)
|
| 020 |
|
|
|a 9780415998710 (hbk)
|
| 020 |
|
|
|a 9780415998727 (pbk)
|
| 020 |
|
|
|a 9780203836507 (ebk)
|
| 020 |
|
|
|a 0805841814 (pbk. : acidfree paper)
|
| 040 |
|
|
|a DLC
|c DLC
|d DLC
|d BD-DhAAL
|
| 050 |
0 |
0 |
|a P118.2
|b .H359 2005
|
| 082 |
0 |
0 |
|a 418
|2 22
|
| 245 |
0 |
0 |
|a Handbook of research in second language teaching and learning /
|c edited by Eli Hinkel.
|
| 260 |
|
|
|a Mahwah, N.J. :
|b L. Erlbaum Associates,
|c 2005.
|
| 300 |
|
|
|a 2 v. :
|b ill. ;
|c 26 cm.
|
| 504 |
|
|
|a Includes bibliographical references and indexes.
|
| 541 |
|
|
|e 28032
|
| 650 |
|
0 |
|a Second language acquisition.
|9 5746
|
| 650 |
|
0 |
|a Language and languages
|x Study and teaching.
|9 5046
|
| 650 |
|
0 |
|a English language
|x Study and teaching
|x Foreign speakers.
|9 5754
|
| 700 |
1 |
|
|a Hinkel, Eli.
|9 5047
|
| 942 |
|
|
|2 ddc
|c BK
|
| 999 |
|
|
|c 14431
|d 14431
|
| 952 |
|
|
|0 0
|1 0
|2 ddc
|4 0
|6 418_000000000000000_HAN
|7 0
|9 24436
|a BRACUL
|b BRACUL
|c GEN
|d 2014-06-12
|e Karim International
|g 8800.00
|l 2
|m 1
|o 418 HAN
|p 3010028032
|r 2018-08-28
|s 2018-03-03
|t 1
|w 2014-06-12
|y BK
|